Statistics for The Americas Geography by Letter - F

Click here to take the quiz!

General Stats

  • This quiz has been taken 27,151 times
  • The average score is 10 of 19

Answer Stats

ClueAnswer% Correct
The Sunshine StateFlorida
99%
Islands fought over by the UK
and Argentina
Falklands
83%
U.S. military base where
gold is stored
Fort Knox
68%
Dallas neighborFort Worth
67%
French region that borders SurinameFrench Guiana
63%
Biggest city in North DakotaFargo
62%
Tourist-infested San Francisco
neighborhood
{Fisherman}'s
Wharf
62%
Capital of KentuckyFrankfort
60%
Biggest city in inland AlaskaFairbanks
52%
Largest city in California's
Central Valley
Fresno
50%
Decaying industrial city of MichiganFlint
49%
City just up the coast from MiamiFort Lauderdale
48%
Arizona city near the Grand CanyonFlagstaff
46%
Group of narrow lakes in New York{Finger} Lakes
43%
Canadian bay with the world's
highest tides
Bay of {Fundy}
40%
World's Fair site, in Queens{Flushing} Meadows
38%
Second biggest city in IndianaFort Wayne
28%
Brazil's fifth-largest cityFortaleza
22%
Capital of MartiniqueFort-de-France
11%

Score Distribution

Percentile by Number Answered

Percent of People with Each Score

Your Score History

You have not taken this quiz